Československé občanské právo

Bibliographic Details
Main Author: Švestka, Jiří, 1930-2019 (Author)
Format: Book
Language:Czech
PhysicalDescription:296 s. 29 cm
Published: Bratislava Univerzita Komenského 1982
Edition:3. nezm. vyd.
Series:Vysokoškolské skriptá
Subjects:

MARC

LEADER 00000cam a2200000 a 4500
001 vtls001099025
003 SK-MaSNL
005 20260311134201.0
008 180814s1982 xo e 00000 cze
015 |a SNBA1982/09 
035 |a SNK000041867 
040 |a SNK  |b slo  |c SNK  |e AACR2 
041 0 |a cze 
044 |a xo  |c SK 
080 |a 347(437)(075.8)  |2 1981 
100 1 |a Švestka, Jiří,  |d 1930-2019  |4 aut  |9 193458 
245 1 0 |a Československé občanské právo  |c Jiří Švestka ... [et al.] 
250 |a 3. nezm. vyd. 
260 |a Bratislava  |b Univerzita Komenského  |c 1982 
300 |a 296 s.  |c 29 cm 
366 |e 800 výt. 
490 1 |a Vysokoškolské skriptá 
650 0 7 |a občianske právo  |2 SNKPH  |9 981 
651 7 |a Československo  |2 SNKPH  |9 21376 
655 7 |a učebnice vysokých škôl  |2 SNKPH  |9 70191 
830 0 |a Vysokoškolské skriptá  |9 276440 
958 |a OND 
958 |a RM 
958 |a UV 
958 |a CZ 
999 |c 872014  |d 873944 
952 |a SNK  |b SNK  |y PREZ  |7 0  |p 17A0981901  |o snkSB 34220  |i snkKSP 7642/82  |0 0  |1 0  |4 0  |d 2014-06-04  |f 1  |l 0  |r 2025-04-09 00:00:00  |w 2026-02-24 
952 |a SNK  |b SNK  |y VYP  |7 0  |p 17A1347454  |o snkSB 34220 D1  |i snkKSP 7643/82  |0 0  |1 0  |4 0  |d 2014-06-04  |l 1  |m 1  |r 2026-03-19 15:15:23  |s 2026-02-28  |w 2026-02-24